Roald Dahl Books Quiz Stats

 Plays Quiz Updated Dec 5, 2018

     
Support Sporcle.
Go Orange.
Score 0/17 Timer 05:00
5 Plays Today
Year Title % Correct
1964Charlie and the Chocolate Factory
83.9%
1988Matilda
76.4%
1982The BFG
76.1%
1961James and the Giant Peach
72.2%
1983The Witches
68.5%
1980The Twits
58.8%
1973Charlie and the Great Glass Elevator
49.7%
1970Fantastic Mr Fox
45.6%
1975Danny, the Champion of the World
36.2%
Year Title % Correct
1981George's Marvellous Medicine
35.4%
1989Esio Trot
28.2%
1985The Giraffe and the Pelly and Me
21%
1966The Magic Finger
19%
1978The Enormous Crocodile
13.3%
1991The Minpins
8.1%
1943The Gremlins
7.1%
1991The Vicar of Nibbleswicke
4.7%

From the Vault

States by Route Signs

by Hejman

Signs Signs everywhere a sign, blocking out the scenery breaking my mind...
Remove Ads.
Support Sporcle.
Get the best of Sporcle when you Go Orange. This ad-free experience offers more features, more stats, and more fun while also helping to support Sporcle. Thank you for becoming a member.

Show Comments

Extras

Top Quizzes Today


Score Distribution

Your Account Isn't Verified!

In order to create a playlist on Sporcle, you need to verify the email address you used during registration. Go to your Sporcle Settings to finish the process.

Report this User

Report this user for behavior that violates our Community Guidelines.

Details: